[Event "Autonomico Seniors op 6th"]
[Site "Spain"]
[Date "2007.??.??"]
[Round "3"]
[White "Alonso, Rodrigo"]
[Black "Arteaga, Francisco Javier"]
[Result "1/2-1/2"]
[WhiteElo "2180"]
[BlackElo "1635"]
[PlyCount "97"]
[EventDate "2007.??.??"]
[EventType "swiss"]
[EventRounds "9"]
[EventCountry "ESP"]
[SourceTitle "EXT 2010"]
[Source "ChessBase"]
[SourceDate "2010.11.25"]
[SourceVersion "1"]
[SourceVersionDate "2010.11.25"]
[SourceQuality "1"]

1. e4 c6 2. d3 d5 3. Nd2 e6 4. Ngf3 Nd7 5. g3 g6 6. Bg2 Bg7 7. 0-0 Ne7 8. Re1 0-0 9. e5 Nf5 10. d4 c5 11. c3 Qb6 12. Nf1 cxd4 13. cxd4 Nb8 14. g4 Ne7 15. Bg5 Nbc6 16. Qd2 Bd7 17. Rec1 Kh8 18. Rc3 Ng8 19. Rac1 Qa5 20. Ng3 h6 21. Be3 Rfc8 22. h4 Qd8 23. h5 g5 24. Bf1 f5 25. exf6 Nxf6 26. Be2 Ne4 27. Nxe4 dxe4 28. Ne1 Ne7 29. Qc2 Bc6 30. Bc4 Bd5 31. Bxd5 exd5 32. f3 Rxc3 33. bxc3 Qd7 34. Qg2 Qe6 35. fxe4 Qxe4 36. Qxe4 dxe4 37. c4 Rc8 38. a4 Nc6 39. Nc2 b6 40. Na3 Bxd4 41. Bxd4+ Nxd4 42. Rd1 Rd8 43. Kf2 e3+ 44. Ke1 Nf3+ 45. Ke2 Rxd1 46. Kxd1 Nd4 47. Nb1 Kg7 48. Nc3 Kf7 49. Nb5 1/2-1/2

[Event "Autonomico Seniors op 6th"]
[Site "Spain"]
[Date "2007.??.??"]
[Round "5"]
[White "Alonso, Rodrigo"]
[Black "Solana Garcia, Angel"]
[Result "1-0"]
[WhiteElo "2180"]
[BlackElo "1610"]
[PlyCount "81"]
[EventDate "2007.??.??"]
[EventType "swiss"]
[EventRounds "9"]
[EventCountry "ESP"]
[SourceTitle "EXT 2010"]
[Source "ChessBase"]
[SourceDate "2010.11.25"]
[SourceVersion "1"]
[SourceVersionDate "2010.11.25"]
[SourceQuality "1"]

1. e4 c5 2. Nf3 d6 3. d4 cxd4 4. Qxd4 Bd7 5. c4 Nc6 6. Qd2 Nf6 7. Nc3 g6 8. b3 Bg7 9. Bb2 0-0 10. h3 Rc8 11. Bd3 Re8 12. 0-0 a6 13. Nd5 Qa5 14. Bc3 Qd8 15. Rac1 Be6 16. Rfe1 a5 17. Bb1 b6 18. Qe3 Bxd5 19. exd5 Nb8 20. Nd4 a4 21. f4 e5 22. dxe6 Qe7 23. Qf3 fxe6 24. Rxe6 Qc7 25. Rce1 Qc5 26. Kh2 Nbd7 27. Rxe8+ Nxe8 28. Ne6 Bxc3 29. Nxc5 Nxc5 30. Qxc3 Ng7 31. b4 Nce6 32. f5 gxf5 33. Bxf5 Re8 34. Bxe6+ Nxe6 35. Qf6 Ng7 36. Rf1 h6 37. Qf7+ Kh7 38. Rf6 a3 39. Rg6 Rg8 40. b5 h5 41. h4 1-0

[Event "Autonomico-chT"]
[Site "Aragon"]
[Date "2005.02.12"]
[Round "3.22"]
[White "Alonso, Rodrigo"]
[Black "Fernandez Urrutia Gallo, Carlos"]
[Result "1/2-1/2"]
[WhiteElo "2224"]
[BlackElo "2060"]
[PlyCount "82"]
[EventDate "2005.01.22"]
[EventType "team-tourn"]
[EventRounds "12"]
[EventCountry "ESP"]
[SourceTitle "EXT 2006"]
[Source "ChessBase"]
[SourceDate "2005.11.24"]
[SourceVersion "1"]
[SourceVersionDate "2005.11.24"]
[SourceQuality "1"]

1. e4 c5 2. Nf3 d6 3. d4 cxd4 4. Qxd4 a6 5. c4 Nf6 6. Nc3 g6 7. Qd2 Nc6 8. Be2 Bg7 9. 0-0 0-0 10. Rb1 Bd7 11. b3 Rb8 12. Re1 Re8 13. Bb2 Qb6 14. Nd5 Nxd5 15. Bxg7 Kxg7 16. exd5 Ne5 17. Nxe5 dxe5 18. b4 Bf5 19. c5 Qc7 20. Bd3 Bxd3 21. Qxd3 f6 22. a4 Rbd8 23. a5 Qd7 24. Rbd1 Qg4 25. Re4 Qf5 26. f3 Qd7 27. Rh4 Rh8 28. Rc4 Rc8 29. f4 exf4 30. Rxf4 Rcd8 31. Rf3 e6 32. dxe6 Qxe6 33. Qxd8 Rxd8 34. Rxd8 Qe1+ 35. Rf1 Qxb4 36. Rd7+ Kh6 37. Rxf6 Qxc5+ 38. Rf2 Qxa5 39. Rxb7 Qc5 40. h3 a5 41. Rbb2 a4 1/2-1/2